| 000 | 00428nam a2200157Ia 4500 | ||
|---|---|---|---|
| 008 | 230718s9999 xx 000 0 und d | ||
| 041 | _aeng | ||
| 082 |
_a363.7 _bGOU |
||
| 100 | _aGoudie A.S. | ||
| 245 | _aEncyclopedia Of Global Change Environmental Change And Human Society | ||
| 260 |
_c2002 _bOxford |
||
| 300 | _a710 | ||
| 365 |
_cRs. _b5140.00 |
||
| 700 | _aGoudie A.S. & Cuff | ||
| 906 |
_dB:1428123-Apr-2002 _cOTH _b771 |
||
| 999 |
_c303512 _d303512 |
||